000 00679cam a22002293a 4500
001 19775
003 PGUSA
005 20140828083423.0
008 061112s2006||||xxu|||||s|||||000 | eng d
040 _aPGUSA
_beng
042 _adc
050 4 _aTX
245 1 0 _aVaughan's Vegetable Cook Book (4th edition) :
_bHow to Cook and Use Rarer Vegetables and Herbs
_h[electronic resource] /
_cAnonymous
260 _bProject Gutenberg,
_c2006
506 _aPublic domain in the USA.
516 _aElectronic text
653 _aCooking (Vegetables)
653 _aVegetables
830 0 _aProject Gutenberg
_v19775
856 4 0 _uhttp://www.gutenberg.org/ebooks/19775
942 _cEB
999 _c249030
_d249030